Les professionnels des services aux défunts : compétences, savoirs, qualifications (notice n° 1647468)
[ vue normale ]
| 000 -LEADER | |
|---|---|
| fixed length control field | 02406cam a2200205 4500500 |
| 005 - DATE AND TIME OF LATEST TRANSACTION | |
| control field | 20260208003244.0 |
| 041 ## - LANGUAGE CODE | |
| Language code of text/sound track or separate title | fre |
| 042 ## - AUTHENTICATION CODE | |
| Authentication code | dc |
| 100 10 - MAIN ENTRY--PERSONAL NAME | |
| Personal name | Caroly, Sandrine |
| Relator term | author |
| 245 00 - TITLE STATEMENT | |
| Title | Les professionnels des services aux défunts : compétences, savoirs, qualifications |
| 260 ## - PUBLICATION, DISTRIBUTION, ETC. | |
| Date of publication, distribution, etc. | 2005.<br/> |
| 500 ## - GENERAL NOTE | |
| General note | 78 |
| 520 ## - SUMMARY, ETC. | |
| Summary, etc. | RésuméEn dépit du mouvement massif de médicalisation de la fin de vie, la prise en charge des défunts a fait l’objet d’une privatisation croissante au cours des dernières décennies. Cet article s’intéresse aux professionnels dans le champ des services aux défunts. Il propose trois éclairages successifs sur des lieux qui ont une portée heuristique pour l’analyse des dynamiques professionnelles dans ce secteur : agents de chambre mortuaire, pompes funèbres, thanatopracteurs. Il montre comment le travail social continu de structuration professionnelle de ces métiers témoigne d’enjeux multiples : la configuration des territoires de compétence, la gestion des frontières aux interfaces avec les soignants et les acteurs religieux, le développement de nouveaux champs de compétence, la construction de la qualification comme garantie de la qualité de la prestation, la conquête d’une autonomie ou encore de la construction d’une légitimité sociale. |
| 520 ## - SUMMARY, ETC. | |
| Summary, etc. | Despite the general trend towards the medicalization of the end-of-life, the handling of the deceased has been increasingly privatized in recent decades. This article deals with professionals in the area of funeral services. It offers three successive perspectives on points that are of heuristic value for analysis of professional dynamics in this sector: morgue attendants, under takers, and embalmer. It shows how the ongoing social work of these jobs structured professionally show to numerous issues: the development of skills, the development of new fields of competence, the construction of qualification as a guarantee of service quality, the achievement of autonomy and the construction of social legitimacy. |
| 700 10 - ADDED ENTRY--PERSONAL NAME | |
| Personal name | Rocchi, Valérie |
| Relator term | author |
| 700 10 - ADDED ENTRY--PERSONAL NAME | |
| Personal name | Trompette, Pascale |
| Relator term | author |
| 700 10 - ADDED ENTRY--PERSONAL NAME | |
| Personal name | Vinck, Dominique |
| Relator term | author |
| 786 0# - DATA SOURCE ENTRY | |
| Note | Revue française des affaires sociales | - | 1 | 2005-03-01 | p. 207-230 | 0035-2985 |
| 856 41 - ELECTRONIC LOCATION AND ACCESS | |
| Uniform Resource Identifier | <a href="https://shs.cairn.info/revue-francaise-des-affaires-sociales-2005-1-page-207?lang=fr&redirect-ssocas=7080">https://shs.cairn.info/revue-francaise-des-affaires-sociales-2005-1-page-207?lang=fr&redirect-ssocas=7080</a> |
Pas d'exemplaire disponible.




Réseaux sociaux